Treasure island / (Record no. 7319)

MARC details
000 -LEADER
fixed length control field 01291nam a22003017a 4500
001 - CONTROL NUMBER
control field 7319
003 - CONTROL NUMBER IDENTIFIER
control field FISKH
005 - DATE AND TIME OF LATEST TRANSACTION
control field 20250709115320.0
008 - FIXED-LENGTH DATA ELEMENTS--GENERAL INFORMATION
fixed length control field 250709b cb ||||| |||| 00| 0 eng d
020 ## - INTERNATIONAL STANDARD BOOK NUMBER
International Standard Book Number 9781402713187
040 ## - CATALOGING SOURCE
Original cataloging agency FISKH
Language of cataloging eng
Transcribing agency FISKH
Modifying agency FISKH
050 ## - LIBRARY OF CONGRESS CALL NUMBER
Classification number PZ7.T1289 T
082 ## - DEWEY DECIMAL CLASSIFICATION NUMBER
Classification number 813.6
100 ## - MAIN ENTRY--PERSONAL NAME
Personal name Stevenson, Louis Robert
Dates associated with a name (1850–1894)
245 ## - TITLE STATEMENT
Title Treasure island /
Statement of responsibility, etc. Retold from the Robert Louis Stevenson ; Original by Chris Tait ; Illustrated by Lucy Corvino
250 ## - EDITION STATEMENT
Edition statement This edition first published in 2005
260 ## - PUBLICATION, DISTRIBUTION, ETC.
Place of publication, distribution, etc. Windsor :
Name of publisher, distributor, etc. Sterling,
Date of publication, distribution, etc. 2005
300 ## - PHYSICAL DESCRIPTION
Extent 150 pages :
Other physical details illustrations ;
Dimensions 20 cm
505 ## - FORMATTED CONTENTS NOTE
Formatted contents note N<br/>
520 ## - SUMMARY, ETC.
Summary, etc. A shipwreck; a deserted island; a single family, wondering if they can survive. Rich in suspense and surprises, The Swiss Family Robinson entices young readers to come along on a wonderful adventure, where each moment brings a new thrill. Featuring amazingly resourceful characters and a wondrous landscape bursting with exotic wildlife and plants, it's an irresistible tale of ingenuity.<br/>
521 8# - TARGET AUDIENCE NOTE
Target audience note 570<br/>
Source Lexile<br/>
521 8# - TARGET AUDIENCE NOTE
Target audience note N<br/>
Source Raz-Plus<br/>
650 ## - SUBJECT ADDED ENTRY--TOPICAL TERM
Source of heading or term Adventure
Topical term or geographic name entry element Pirates
650 ## - SUBJECT ADDED ENTRY--TOPICAL TERM
Source of heading or term Juvenile fiction
Topical term or geographic name entry element Classic Starts
700 ## - ADDED ENTRY--PERSONAL NAME
Personal name Cornivo, Lucy
Dates associated with a name illustrator
942 ## - ADDED ENTRY ELEMENTS (KOHA)
Source of classification or shelving scheme Dewey Decimal Classification
Koha item type Books
Suppress in OPAC No
Holdings
Withdrawn status Lost status Source of classification or shelving scheme Damaged status Not for loan Collection Home library Current library Shelving location Date acquired Total Checkouts Full call number Barcode Date last seen Copy number Price effective from Koha item type
    Dewey Decimal Classification     Juvenile Fiction Footprints International School Library Network Toul Tom Poung Campus Footprints International School Library Network Toul Tom Poung Campus TTP Primary Yellow Bookshelves 07/09/2025   STE 813.6 PZ7.T1289 T 2025-1782 07/09/2025 1 07/09/2025 Books